000 00563nam a22002057a 4500
003 KOHA_MİRAKIL
005 20241218060535.0
008 241218b tu ||||| |||| 00| 0 tur d
020 _a9789755707334
040 _aTR-AnABB
_btur
_cTR-AnABB
041 _atur
082 _a813.42
_bKAR 2015
100 1 _aKarakaşoğlu, Hakan
245 1 0 _aMumsema Han /
_cHakan Karakaşoğlu
250 _a1. basım
260 _aİstanbul :
_bSel Yayıncılık,
_c2015
300 _a197 sayfa ;
_c21 cm
650 0 4 _aTürk edebiyatı, roman
942 _2ddc
_cBK
999 _c8006
_d8006
900 _bCan ÇELIK